The treatment of prisoners under international law
| 1. VerfasserIn: | |
|---|---|
| Medienart: | Druck Buch |
| Sprache: | Englisch |
| Veröffentlicht: |
Oxford [u.a.]
Clarendon Press
1999
|
| In: | Jahr: 1999 |
| Ausgabe: | 2. ed. |
| Online-Zugang: |
Inhaltsverzeichnis Table of contents |
| Bestand in Tübingen: | In Tübingen vorhanden. UB: KB 19 A 7881 |
| Verfügbarkeit prüfen: | HBZ Gateway |
| Subito Bestelldienst: | Jetzt bestellen. |
| Schlagwörter: |
MARC
| LEADER | 00000cam a2200000 c 4500 | ||
|---|---|---|---|
| 001 | 249621576 | ||
| 003 | DE-627 | ||
| 005 | 20251222211033.0 | ||
| 007 | tu | ||
| 008 | 981005s1999 xxk||||| 00| ||eng c | ||
| 010 | |a 98045050 | ||
| 020 | |a 0198265638 |c pbk |9 0-19-826563-8 | ||
| 020 | |a 0198265646 |c alk. paper |9 0-19-826564-6 | ||
| 035 | |a (DE-627)249621576 | ||
| 035 | |a (DE-576)077770730 | ||
| 035 | |a (DE-599)GBV249621576 | ||
| 035 | |a (OCoLC)246092414 | ||
| 035 | |a (OCoLC)39887168 | ||
| 040 | |a DE-627 |b ger |c DE-627 |e rakwb | ||
| 041 | |a eng | ||
| 044 | |c XA-GB | ||
| 050 | 0 | |a K5519 | |
| 082 | 0 | |a 341.6/5 | |
| 082 | 0 | |a 341.65 | |
| 084 | |a PR 2213 |2 rvk |0 (DE-625)rvk/139532: | ||
| 084 | |a 86.85 |2 bkl | ||
| 100 | 1 | |a Rodley, Nigel S. |d 1941-2017 |0 (DE-588)130402001 |0 (DE-627)501112634 |0 (DE-576)162756747 |4 aut | |
| 109 | |a Rodley, Nigel S. 1941-2017 |a Rodley, Nigel 1941-2017 |a Rodley, Nigel Simon 1941-2017 | ||
| 245 | 1 | 4 | |a The treatment of prisoners under international law |c Nigel S. Rodley |
| 250 | |a 2. ed. | ||
| 264 | 1 | |a Oxford [u.a.] |b Clarendon Press |c 1999 | |
| 300 | |a XXIX, 479 S. |c 24 cm | ||
| 336 | |a Text |b txt |2 rdacontent | ||
| 337 | |a ohne Hilfsmittel zu benutzen |b n |2 rdamedia | ||
| 338 | |a Band |b nc |2 rdacarrier | ||
| 500 | |a Includes bibliographical references and index. - Previous ed.: 1987 | ||
| 583 | 1 | |a Archivierung prüfen |c 20200919 |f DE-640 |z 3 |2 pdager | |
| 650 | 0 | |a Political prisoners |x Legal status, laws, etc | |
| 650 | 0 | |a Torture | |
| 689 | 0 | 0 | |d s |0 (DE-588)4057788-0 |0 (DE-627)104540796 |0 (DE-576)209123710 |a Strafgefangener |2 gnd |
| 689 | 0 | 1 | |d s |0 (DE-588)4048835-4 |0 (DE-627)106189387 |0 (DE-576)209079444 |a Rechtsschutz |2 gnd |
| 689 | 0 | 2 | |d s |0 (DE-588)4063693-8 |0 (DE-627)106126946 |0 (DE-576)209149892 |a Völkerrecht |2 gnd |
| 689 | 0 | |5 (DE-627) | |
| 689 | 1 | 0 | |d s |0 (DE-588)4063693-8 |0 (DE-627)106126946 |0 (DE-576)209149892 |a Völkerrecht |2 gnd |
| 689 | 1 | 1 | |d s |0 (DE-588)4057788-0 |0 (DE-627)104540796 |0 (DE-576)209123710 |a Strafgefangener |2 gnd |
| 689 | 1 | 2 | |d s |0 (DE-588)4017801-8 |0 (DE-627)106328697 |0 (DE-576)208921141 |a Folter |2 gnd |
| 689 | 1 | 3 | |d s |0 (DE-588)4112701-8 |0 (DE-627)104321679 |0 (DE-576)209470127 |a Bekämpfung |2 gnd |
| 689 | 1 | |5 (DE-627) | |
| 856 | 4 | 2 | |u http://www.gbv.de/dms/spk/sbb/toc/268314195.pdf |m V:DE-601 |m B:DE-1 |q pdf/application |x Verlag |y Inhaltsverzeichnis |3 Inhaltsverzeichnis |7 1 |
| 856 | 4 | 2 | |u http://www.loc.gov/catdir/enhancements/fy0606/98045050-t.html |x Verlag |y Table of contents |7 1 |
| 889 | |w (DE-627)268314195 | ||
| 935 | |i mdedup | ||
| 935 | |i Blocktest | ||
| 935 | |h GBV |i Tpn3090pruef | ||
| 936 | r | v | |a PR 2213 |b Menschenrecht, Bürgerrecht, Grundrecht, Kinderschutz, Kinderrechtskonvention |k Rechtswissenschaft |k Völkerrecht |k Einzelgebiete des Völkerrechts im Frieden |k Menschenrecht, Bürgerrecht, Grundrecht, Kinderschutz, Kinderrechtskonvention |0 (DE-627)1270708325 |0 (DE-625)rvk/139532: |0 (DE-576)200708325 |
| 936 | b | k | |a 86.85 |j Menschenrechte |0 (DE-627)106413236 |
| 951 | |a BO | ||
| ELC | |b 1 | ||
| LOK | |0 000 xxxxxcx a22 zn 4500 | ||
| LOK | |0 001 3096213178 | ||
| LOK | |0 003 DE-627 | ||
| LOK | |0 004 249621576 | ||
| LOK | |0 005 20000315000000 | ||
| LOK | |0 008 000105||||||||||||||||ger||||||| | ||
| LOK | |0 040 |a DE-21 |c DE-627 |d DE-21 | ||
| LOK | |0 852 |a DE-21 | ||
| LOK | |0 852 1 |c KB 19 A 7881 |9 00 | ||
| LOK | |0 935 |a krim | ||
| LOK | |0 936ln |a k12.7 | ||
| LOK | |0 939 |a 05-01-00 |b l01 | ||
| ORI | |a SA-MARC-krimdoka001.raw | ||
| SIG | |a UB: KB 19 A 7881 | ||
